| 000 | 00492nam a22001817a 4500 | ||
|---|---|---|---|
| 003 | OSt | ||
| 005 | 20140505163433.0 | ||
| 008 | 130201t xxu||||| |||| 00| 0 eng d | ||
| 020 | _a9712336549 | ||
| 050 |
_aQA 276.12 _b.B645 2009 |
||
| 100 | _aBlay, Basilia Ebora | ||
| 245 |
_aElementary statistics / _cBasilia Ebora Blay. |
||
| 260 |
_aPasig City, Philippines : _bAnvil Publishing, _cc2009. |
||
| 300 |
_a196 p. : _c26 cm. _bill. ; |
||
| 562 | _e1 | ||
| 942 |
_2lcc _cBK |
||
| 999 |
_c115781 _d115781 |
||